00634nam a2200157Ia 4500008004100000100004900041245006200090260001200152500002400164650001200188942000700200952008400207952008400291952008400375999001700459230524s9999 xx 000 0 und d a"Grady Booch, James Rumbaugh, Ivar Jacobson" 4aThe Unified Modeling Language User Guide (Covers UML 2.0) bPearson aQuantity Number: 3 aComp-Sc cBK 00104070aTATCLbTATCLcGENd2023-05-24l0p43670r2023-05-24w2023-05-24yBK 00104070aTATCLbTATCLcGENd2023-05-24l0p43671r2023-05-24w2023-05-24yBK 00104070aTATCLbTATCLcGENd2023-05-24l0p43674r2023-05-24w2023-05-24yBK c49990d49990